000 00312nam a2200121Ia 4500
008 240624s9999 xx 000 0 und d
041 _aeng
082 _a658.4063 DUT
100 _aDUTTON JANE E
245 _aENERGIZE YOUR WORKPLACE HOW TO CREATE AN
260 _c2003
_aSan Francisco
_bJossey Bass
365 _cRS
999 _c27147
_d27147